Land reform : Land settlement and cooperative
Bewaard in:
| Coauteur: | |
|---|---|
| Formaat: | Boek |
| Taal: | Undetermined |
| Gepubliceerd in: |
Rome. Italy
FAO
2005
|
| Onderwerpen: | |
| Tags: |
Voeg label toe
Geen labels, Wees de eerste die dit record labelt!
|
| Thư viện lưu trữ: | Trung tâm Học liệu Trường Đại học Cần Thơ |
|---|
| LEADER | 00511nam a2200193Ia 4500 | ||
|---|---|---|---|
| 001 | CTU_130361 | ||
| 008 | 210402s9999 xx 000 0 und d | ||
| 082 | |a 333.76 | ||
| 082 | |b F686/2005-1 | ||
| 110 | |a FAO | ||
| 245 | 0 | |a Land reform : | |
| 245 | 0 | |b Land settlement and cooperative | |
| 245 | 0 | |c FAO | |
| 260 | |a Rome. Italy | ||
| 260 | |b FAO | ||
| 260 | |c 2005 | ||
| 650 | |a Land reform,Land use, Rural,Agricultural geography | ||
| 904 | |i Minh | ||
| 980 | |a Trung tâm Học liệu Trường Đại học Cần Thơ | ||